Statistics for Music Pop-Culture Multiple-Choice #1

Click here to take the quiz!

General Stats

  • This quiz has been taken 147 times
    (47 since last reset)
  • The average score is 3 of 5

Answer Stats

QuestionAnswer% Correct
Which song was sung by The Weeknd?Die For You
93%
Which song featured Dua Lipa?Calvin Harris - One Kiss
82%
Which song has over a billion streams on Spotify?XXXTentacion - Revenge
33%
Which song featured 2 artists?Justin Bieber - Peaches
27%
Which song was released in 2023?Lil Uzi Vert - Flooded The Face
27%

Score Distribution

Percentile by Number Answered

Percent of People with Each Score

Your Score History

You have not taken this quiz since the last reset